Datum a čas kvízu
33
Celkem bodů
Celkový počet nahraných bodů na tomto kvízu bez doplňovacích otázek.
6.
Pořadí na kvízu
Konečné umístění týmu na tomto kvízu.
Zaznamenané odpovědi
| # | Otázka | Odpověď | Body | Výsledky |
|---|---|---|---|---|
| 1. | V Jiráskově divadle v České Lí... | selata (divočáci) | 1 | |
| 2. | Římská radnice minulý týden oz... | fontána di Trevi | 1 | |
| 3. | Která zpěvačka oznámila svým f... | Adele | 0 | |
| 4. | Minulý týden jsme se dozvěděli... | rýže | 1 | |
| 5. | Reprezentace jedné evropské ze... | San Marino | 0 | |
| 6. | Který velmi rozlehlý stát byl... | Austrálie | 0 | |
| 7. | Pod kterým, dnes už spíše zast... | Habeš | 1 | |
| 8. | Napište bývalý název Bratislav... | Prešpurk/Prešporok/Prešporek; 1919 (1914–1924) | 0.5 | |
| 9. | Když Portugalci objevili jistý... | Tchaj-wan | 1 | |
| 10. | Zhruba rok po vyhlazení českýc... | o Panamu | 0 |